1300 1168 1515 1430 1089 1901 1380 1065 1877 1472 1711 1798 1892 1929 1988 1637 1622 1333 1827 1253 1672 1004 1249 1147 1659 1169 1631 1686 1362 1801 1274 1637 1243 1032 1735 1988 1439 1458 1062 1814 1224 1090 1951 1379 1390 1662 1618 1559 1270 1932 1877 1411 1911 1004 1475 1694 1801 1556 1561 1063 1115 1614 1024 1596 1764 1298 1447 1956 1578 1331 1778 1753 1810 1329 1243 1320 1118 1093 1107 1436 1216 1511 1444 1020 1426 1075 1377 1782 1136 1556 1504 1738 1811 1765 1520 1789 1936 1399 1765 BCNSPRNW ULIB Ver.6.0+V

เปลี่ยนเป็นภาษาไทย

Change to English
 แสดงรายละเอียดบรรณานุกรม
  กลับหน้าหลัก

Brief Record : Get Marc (ISO 2709) : E-mail record : QR code < ปิดหน้าต่าง
LEADER : 00000nam 2200000uu 4500
001    13399112449
003     ULIB
008    110627s2554||||th 000 0 tha d
020    9786165082082
090    นว.^bก382ส 2554
100 0  กัญญ์ชลา
245 00 สาปสวาท/^cกัญญ์ชลา
250    พิมพ์ครั้งที่ 3
260    กรุงเทพฯ :^bแสงดาว,^c2554
300    584 หน้า
710 1  แสงดาว
945    ^p420^l0^i030452
995    ทศพร
999 ^a ใช้งานได้ทุกระบบ
รายการนี้ยังไม่มีแท็ก
คุณยังไม่ได้ล็อกอิน คุณสามารถมีกิจกรรมร่วมกับเว็บไซต์ได้ แต่ต้องล็อกอินก่อน ::
  ล็อกอิน

รายการสื่อสารสนเทศ

ลำดับที่ ประเภท เลขเรียก/บาร์โค้ด สถานที่ สถานะ
- ไม่พบข้อมูล -

BibComment


ยังไม่เคยถูกคอมเมนท์

คอมเมนท์ทรัพยากรรายการนี้
  คอมเมนท์: สาปสวาท กัญญ์ชลา


 Copyright 2026. Bcnsprnw @Library